|
|
|
|
| LEADER |
00000nam a2200000 4500 |
| 008 |
191217b2002 cr ||||| |||| 00| | spa d |
| 999 |
|
|
|c 3842
|d 3842
|
| 020 |
|
|
|a 9968853062
|
| 090 |
|
|
|a 13.09.02
|b 768
|
| 110 |
|
|
|9 1240
|a Oficina Internacional del Trabajo
|
| 245 |
1 |
3 |
|a El trabajo infantil y adolescente doméstico...pesa demasiado. Historias de vida de siete niñas y adolescentes mujeres trabajadoras domésticas en casa de terceros en Centroamérica, México y República Dominicana /
|c OIT
|
| 260 |
|
|
|a San José, Costa Rica :
|b OIT,
|c 2002
|
| 300 |
|
|
|a 66 páginas
|
| 650 |
1 |
4 |
|9 1864
|a TRABAJO DE MENORES
|
| 650 |
1 |
4 |
|9 2382
|a TRABAJO DOMESTICO
|
| 650 |
1 |
4 |
|9 422
|a RELATOS PERSONALES
|
| 942 |
|
|
|i 001269
|h 13.09.02 768
|2 z
|c 01
|